| 000 | 00620nam a2200181 a 4500 | ||
|---|---|---|---|
| 008 | 120416s1977 ||||||||||||||||| || u | ||
| 050 | _aNA 712 Ste | ||
| 100 | _aStern, Robert A. M | ||
| 245 | 1 | 0 | _aNew directions in American architecture |
| 250 | _aRev. ed. | ||
| 260 |
_aNew York: _bGeorge Braziller Inc _c1977 |
||
| 300 | _a152p. | ||
| 350 | _a0.00 | ||
| 650 | _aARCHITECTURE, AMERICAN | ||
| 650 | _aARCHITECTURAL DESIGN--EVALUATION | ||
| 650 | _aTEXTBOOKS | ||
| 995 |
_D0.00 _FCBU-MAIN LIBRARY (Kitwe) _H1 _I0.00 _UAVAILABLE _ZMain Library Open Access Collection |
||
| 999 |
_c52111 _d52111 |
||